| 000 | 00481nam a2200157 a 4500 | ||
|---|---|---|---|
| 001 | 000033717 | ||
| 005 | 20200930070451.0 | ||
| 008 | 110906s1887 dr 000 0 spa d | ||
| 040 |
_aDO-SdBNP _bspa _cBNPHU |
||
| 082 |
_axxx _bC312l |
||
| 100 | 1 |
_aCarranza, Gabriel V. _959161 |
|
| 245 | 1 | 0 |
_aLecciones de agricultura aplicadas a la isla de Santo Domingo / _cGabriel V. Carranza. |
| 260 |
_aSanto Domingo : _bCuna de América, _c1887. |
||
| 300 |
_a109 p. ; _c16 cm. |
||
| 049 | _aBNPD | ||
| 999 |
_c33208 _d33208 |
||